Statistics for Census County Divisions of Arizona With a Map

Click here to take the quiz!

General Stats

  • This quiz has been taken 250 times
    (197 since last reset)
  • The average score is 31 of 80

Answers on the Map

Answers color-coded by a green-red scale on the quiz's map according to % correct below.
 

Answer Stats

CountyCCD% Correct
MaricopaPhoenix
96%
PimaTucson
96%
YumaYuma
94%
CoconinoFlagstaff
88%
PinalMaricopa-Stanfield
77%
MaricopaChandler
75%
MohaveLake Havasu City
73%
YavapaiPrescott
69%
Santa CruzNogales
68%
YavapaiCamp Verde-Sedona
60%
MohaveBullhead City
59%
MohaveKingman
59%
GrahamPima
59%
CochiseSierra Vista
59%
MaricopaBuckeye
53%
PinalCasa Grande
53%
GilaGlobe-Miami
49%
NavajoHopi
47%
CoconinoHopi
47%
CochiseDouglas
46%
PinalFlorence
46%
PimaMarana
46%
MaricopaWickenburg
44%
PimaAjo
42%
MaricopaGila Bend
42%
La PazParker
42%
NavajoWinslow-Holbrook
42%
CochiseBisbee
41%
MaricopaSt. Johns
40%
ApacheSt. Johns
40%
CoconinoTuba City
38%
PinalEloy
37%
GrahamSafford
37%
YumaSomerton
37%
CoconinoWilliams
37%
Santa CruzPatagonia
36%
GilaPayson
36%
CochiseWillcox
36%
CochiseBenson
33%
CochiseBowie
33%
NavajoKayenta
33%
NavajoSnowflake
33%
PinalTohono O'odham Nation
33%
PimaTohono O'odham Nation
33%
YumaWellton
33%
ApacheChinle
32%
PinalCoolidge
32%
GrahamSan Carlos
32%
GilaSan Carlos
32%
YavapaiAsh Fork
28%
GreenleeDuncan
28%
NavajoFort Apache
28%
ApacheFort Apache
28%
GilaFort Apache
28%
PinalGila River
28%
ApacheEagar-Springerville
27%
GreenleeClifton
26%
CoconinoHualapai
26%
MohaveNorth Mohave
26%
MaricopaSalt River
26%
CoconinoHavasupai
25%
MaricopaTonto National Forest
25%
ApacheDennehotso
23%
GilaWinkelman
23%
YavapaiCongress
22%
ApacheFort Defiance
22%
YavapaiCordes Lakes-Mayer
21%
CoconinoKaibab Plateau
21%
PinalNorth Pinal
21%
NavajoPiñon
21%
PinalSan Manuel
21%
PimaArivaca
20%
CochiseElfrida
20%
GilaTonto Basin
20%
MaricopaDeer Valley
19%
NavajoIndian Wells
19%
ApacheSweetwater
19%
YavapaiMingus Mountain
16%
ApachePuerco
16%
GrahamBonita-Klondyke
15%

Score Distribution

Percentile by Number Answered

Percent of People with Each Score

Your Score History

You have not taken this quiz since the last reset